MARC

LEADER 00000nam0a2200000 4500
001 348918
005 20231102010143.0
035 |a (RuTPU)RU\TPU\retro\790 
090 |a 348918 
100 |a 20180327d1973 m y0rusy50 ca 
101 0 |a rus  |a aze 
102 |a AZ 
105 |a a z 000zb 
200 1 |a Микаил Абдуллаев  |e [альбом]  |f П. Гаджиев  |g Союз художников Азербайджана 
210 |a Баку  |c Ишыг  |d 1973 
215 |a 56 с.  |c ил. 
600 1 |a Абдуллаев  |b М. Г. оглы  |c живописец  |c график  |c художник театра  |c иллюстратор  |f 1921-  |g Микаил Гусейн  |2 stltpush  |3 (RuTPU)RU\TPU\pers\28468 
606 1 |a Живописцы  |2 stltpush  |3 (RuTPU)RU\TPU\subj\10834  |9 37852 
610 1 |a художники 
610 1 |a живопись 
610 1 |a Азербайджан 
610 1 |a станковое искусство 
610 1 |a альбомы 
675 |a 75.071  |v 4 
700 1 |a Гаджиев  |b П.  |g Паша 
712 0 2 |a Союз художников Азербайджана  |c (Баку)  |2 stltpush  |3 (RuTPU)RU\TPU\col\22997 
801 1 |a RU  |b 63413507  |c 20180327 
801 2 |a RU  |b 63413507  |c 20180328  |g RCR 
942 |c BK